000 00428nam a2200181Ia 4500
001 13683
005 20260306164819.0
008 260306t2014||||xx |||||||||||||| ||spa||
041 _aESP
082 _a005.13
_bL37
100 _aLee, Kent D.,
_eAUT
245 0 _aPython programming fundamentals
260 _c2014
300 _axii, 239 páginas :
_c23 cm.
650 _aGEN
654 _aCCC
942 _cLIB
_dJUS
_fJUS
_2ddc
_n
999 _c13683
_d13683